Générique Wakfu - Paroles - Statistiques

Statistiques générales
  • Ce quiz a été pris 605 fois
  • Le résultat moyen est 10 sur 14
Statistiques - réponses
Paroles % Correct
Sois le feu et {la} {terre},
100%
L'eau et {la} {poussière},
90%
Héros {malgré} {toi},
77%
La magie entre {tes} {mains}
77%
Vois {la} {légende} s'écrire,
77%
Fais vivre la {lumière},
76%
L'histoire se {construire},
75%
L'{avenir} est notre aventure
73%
L'{aventure},
71%
Pars suivre {ton} {chemin}
71%
Parler les {éclairs},
68%
Ton {futur},
68%
Et {regarde}
59%
Ta lumière guider {ton} {destin} !
51%
Aucun quiz correspondant
Distribution des résultats
% des personnes avec chaque résultat
Percentile par nombre de réponses
Votre historique - résultats
Vous n’avez pas pris ce quiz